| 000 | 00895nam a22002297a 4500 | ||
|---|---|---|---|
| 999 |
_c3073 _d3073 |
||
| 003 | AR-CdUCM | ||
| 008 | 190305b ||||| |||| 00| 0 spa d | ||
| 040 |
_aMUNICIPALIDAD PROVINCIAL DEL CUSCO _cBIBLIOTECA MUNICIPAL DEL CUSCO |
||
| 082 |
_a379.85 / _bV18 |
||
| 100 |
_aValcárcel, Daniel _91727 |
||
| 245 | _aHistoria de la educación incaica / | ||
| 260 |
_aLima : _bUniversidad de San Marcos, _c1961. |
||
| 300 |
_a143 páginas ; _c23.5 cm. |
||
| 500 | _aDonación de la familia Nieto. | ||
| 505 | _aContenido: Cultura del Tawantinsuyu -- El problema -- Prolegómeno Heurístico -- antecedentes preincaicos -- El educador incaico -- Modos educativos ... | ||
| 650 |
_aEducación - Perú - Historia _910420 |
||
| 650 |
_aEducación - Prehispánica _910421 |
||
| 650 |
_aEducación universitaria _91728 |
||
| 650 |
_aEducación - Inca _910422 |
||
| 942 |
_2ddc _cLIBROS |
||
| 945 | _alccs | ||